[Event "Accademia Cup"]
[Site "Roma ITA"]
[Date "1997.??.??"]
[Round "?"]
[White "Malan, Domenico"]
[Black "Melega, Gianluigi"]
[Result "0-1"]
[WhiteElo "1642"]
[BlackElo "1513"]
[PlyCount "103"]
[EventDate "1997.??.??"]

1. Nf3 d5 2. d4 Nf6 3. Bf4 Nh5 4. Bg3 Nxg3 5. hxg3 h6 6. e3 Bg4 7. Be2 Bxf3 8.
Bxf3 e6 9. c3 c6 10. Nd2 Nd7 11. Bg4 Nf6 12. Bf3 Qc7 13. Qb3 Be7 14. Be2 Rb8
15. Nf3 Nd7 16. c4 Qa5+ 17. Kf1 Nf6 18. Bd3 Qc7 19. Ne5 dxc4 20. Qxc4 O-O 21.
Ke2 c5 22. b4 b5 23. Qc1 c4 24. Bb1 Bxb4 25. Qc2 Bd6 26. Ng4 Rfd8 27. Nxf6+
gxf6 28. Rxh6 f5 29. g4 Kg7 30. gxf5 Kxh6 31. f6 Kg5 32. Qh7 Rg8 33. Be4 Kxf6
34. Qh4+ Kg7 35. Qh7+ Kf8 36. Rh1 Ke7 37. Qh4+ Kd7 38. Qh7 Rbf8 39. Rb1 a6 40.
d5 Kd8 41. Qh4+ Qe7 42. Qh1 f5 43. Bf3 e5 44. g3 e4 45. Bg2 Rh8 46. Qe1 Qc7 47.
Qc3 Rh2 48. Kf1 Qb6 49. a4 b4 50. Qxc4 a5 51. Rc1 Ke7 52. Qb3 0-1

[Event "Accademia Cup"]
[Site "Roma ITA"]
[Date "1997.??.??"]
[Round "?"]
[White "Marinelli, Franco"]
[Black "Failli, Riccardo"]
[Result "1-0"]
[WhiteElo "1522"]
[BlackElo "1699"]
[PlyCount "97"]
[EventDate "1997.??.??"]

1. d4 f5 2. Nf3 Nf6 3. g3 g6 4. Bg2 Bg7 5. c3 Nc6 6. O-O d6 7. Qb3 e6 8. Bg5
O-O 9. Nbd2 h6 10. Bxf6 Qxf6 11. Rae1 b6 12. e4 Na5 13. Qc2 Bb7 14. e5 Qf7 15.
exd6 cxd6 16. Nh4 Rae8 17. Bxb7 Nxb7 18. Ng2 e5 19. dxe5 dxe5 20. Qb3 Nc5 21.
Qxf7+ Rxf7 22. Rb1 Rd7 23. Nb3 Nxb3 24. axb3 Rd2 25. Ne3 f4 26. Nc4 Rd5 27.
Rfd1 Red8 28. Rxd5 Rxd5 29. Kf1 g5 30. Ke2 Kh7 31. g4 Kg6 32. Rd1 Rxd1 33. Kxd1
Kf6 34. Nd6 Bf8 35. Ne4+ Ke6 36. f3 Kd5 37. Kd2 Be7 38. Kd3 Bf8 39. b4 Be7 40.
c4+ Kc6 41. b5+ Kd7 42. Nd2 Bb4 43. Nb3 Bc5 44. Nxc5+ bxc5 45. Ke4 Ke6 46. b3
Kf6 47. Kd5 h5 48. Ke4 h4 49. Kd5 1-0

[Event "Accademia Cup"]
[Site "Roma ITA"]
[Date "1997.??.??"]
[Round "?"]
[White "Marinelli, Franco"]
[Black "Occhioni, Edmondo"]
[Result "0-1"]
[WhiteElo "1522"]
[BlackElo "1741"]
[PlyCount "68"]
[EventDate "1997.??.??"]

1. d4 d5 2. Nf3 e6 3. g3 Nf6 4. Nbd2 c5 5. c3 Nc6 6. Bg2 cxd4 7. Nxd4 e5 8.
Nxc6 bxc6 9. O-O Bd6 10. Re1 O-O 11. e4 Bg4 12. Qc2 Qd7 13. f3 Bh3 14. Nb3 Bxg2
15. Qxg2 h6 16. Be3 a5 17. Bc5 a4 18. Bxd6 Qxd6 19. Nc1 Rab8 20. Nd3 dxe4 21.
Nb4 exf3 22. Qxf3 e4 23. Qe3 c5 24. Rad1 Qb6 25. Nd5 Nxd5 26. Rxd5 Qxb2 27.
Rxc5 Qxa2 28. Qxe4 Rb2 29. Qh1 Rfb8 30. Rce5 Rb1 31. R5e3 Qd2 32. Qe4 R8b2 33.
Qe8+ Kh7 34. Qe4+ g6 0-1

[Event "Accademia Cup"]
[Site "Roma ITA"]
[Date "1997.??.??"]
[Round "?"]
[White "Marinelli, Franco"]
[Black "Rovatti, Paolo"]
[Result "1-0"]
[WhiteElo "1522"]
[BlackElo "1603"]
[PlyCount "110"]
[EventDate "1997.??.??"]

1. d4 e6 2. e4 c5 3. c3 b6 4. Nf3 Bb7 5. d5 exd5 6. exd5 d6 7. Bb5+ Nd7 8. O-O
Be7 9. Bxd7+ Qxd7 10. Re1 Nf6 11. c4 O-O 12. Nc3 Rfe8 13. Bg5 Ba6 14. Qd3 h6
15. Bh4 Nh5 16. Bg3 Nxg3 17. hxg3 Bf6 18. Rac1 Bxc3 19. Qxc3 b5 20. b3 bxc4 21.
Qa5 Rxe1+ 22. Nxe1 Qb5 23. Qxb5 Bxb5 24. bxc4 Ba6 25. Rc3 Re8 26. Nc2 Re4 27.
Ne3 g6 28. Kf1 Rd4 29. Ke2 Kf8 30. g4 Ke7 31. f3 Kd7 32. Ke1 Kc7 33. Ke2 f5 34.
gxf5 gxf5 35. Nxf5 Rxd5 36. Ne3 Re5 37. Kf2 Bb7 38. Ng4 Re6 39. Ne3 a5 40. Ra3
Kb6 41. Rb3+ Ka6 42. Rd3 Kb6 43. Rb3+ Ka6 44. Rd3 Rf6 45. Ng4 Rg6 46. Ne3 Bc8
47. Nd5 a4 48. Ne7 Re6 49. Nxc8 Ka5 50. a3 Re8 51. Nxd6 Rb8 52. Nb5 Rxb5 53.
cxb5 Kxb5 54. Rc3 Kc6 55. Ke3 Kd5 1-0

[Event "Accademia Cup"]
[Site "Roma ITA"]
[Date "1997.??.??"]
[Round "?"]
[White "Marinelli, Franco"]
[Black "Trebeschi, Andrea"]
[Result "1/2-1/2"]
[WhiteElo "1522"]
[BlackElo "1699"]
[PlyCount "90"]
[EventDate "1997.??.??"]

1. d4 Nf6 2. Nf3 d6 3. c3 g6 4. Bg5 Bg7 5. Bxf6 Bxf6 6. e3 O-O 7. Be2 c6 8. O-O
Bg4 9. Nfd2 Bxe2 10. Qxe2 d5 11. Nf3 Nd7 12. Nbd2 e5 13. dxe5 Nxe5 14. Nxe5
Bxe5 15. Nf3 Bg7 16. Qd3 Qb6 17. Qc2 Rae8 18. Qb3 Qxb3 19. axb3 a6 20. b4 f5
21. Rfe1 Re7 22. Kf1 Rfe8 23. Rad1 Bf6 24. h4 Kf7 25. g3 h6 26. Nd4 Bxd4 27.
exd4 Kf6 28. Rxe7 Rxe7 29. Re1 Re4 30. Rxe4 fxe4 31. Ke2 Kf5 32. f3 g5 33. hxg5
hxg5 34. Ke3 exf3 35. Kxf3 b6 36. b3 b5 37. g4+ Ke6 38. Ke3 Kd6 39. Kd3 Kc7 40.
c4 bxc4+ 41. bxc4 dxc4+ 42. Kxc4 Kd6 43. Kc3 Ke6 44. Kc4 Kd6 45. Kc3 Ke6
1/2-1/2

[Event "Accademia Cup"]
[Site "Roma ITA"]
[Date "1997.??.??"]
[Round "?"]
[White "Marino, Danilo"]
[Black "Lantini, Marco"]
[Result "1-0"]
[WhiteElo "1881"]
[BlackElo "2190"]
[PlyCount "59"]
[EventDate "1997.??.??"]

1. e4 e5 2. f4 Bc5 3. Nf3 d6 4. c3 Bb6 5. d4 Nf6 6. fxe5 dxe5 7. Nxe5 O-O 8.
Bc4 Qe7 9. Bg5 Nc6 10. Bxf6 gxf6 11. Nxc6 Qxe4+ 12. Qe2 Qxc6 13. O-O Re8 14.
Qd3 Bg4 15. Bxf7+ Kxf7 16. Qxh7+ Ke6 17. Nd2 f5 18. Rae1+ Kd6 19. Qf7 Qd7 20.
Nc4+ Kc6 21. Ne5+ Rxe5 22. Qc4+ Rc5 23. Re6+ Qd6 24. Rxd6+ cxd6 25. dxc5 Bxc5+
26. Kh1 Re8 27. b4 Be2 28. Qf7 Re5 29. Re1 Bf2 30. Rxe2 1-0

[Event "Accademia Cup"]
[Site "Roma ITA"]
[Date "1997.??.??"]
[Round "?"]
[White "Marino, Danilo"]
[Black "Marzano, Carlo"]
[Result "0-1"]
[WhiteElo "1881"]
[BlackElo "2175"]
[PlyCount "97"]
[EventDate "1997.??.??"]

1. e4 e6 2. b3 d5 3. Bb2 c5 4. exd5 exd5 5. Bb5+ Nc6 6. Qe2+ Qe7 7. Nc3 Nf6 8.
Nf3 Bd7 9. O-O-O d4 10. Qxe7+ Bxe7 11. Nb1 O-O 12. Rde1 Rfe8 13. c3 dxc3 14.
dxc3 a6 15. Bd3 Rad8 16. Bc2 Bd6 17. Nbd2 Bf4 18. Kb1 Bg4 19. Bc1 Nd5 20. Kb2
Bxf3 21. Nxf3 Bxc1+ 22. Rxc1 Re2 23. Rhf1 Nf4 24. Kb1 Nxg2 25. Rcd1 Rxd1+ 26.
Bxd1 Re7 27. Nd2 Re1 28. Rxe1 Nxe1 29. Bg4 Ne7 30. Nc4 Nd3 31. f3 f5 32. Bh3 g6
33. Bf1 Nf4 34. Nb6 Kf7 35. Bc4+ Ke8 36. Kc2 Kd8 37. a4 Kc7 38. a5 Nc6 39. Nd5+
Nxd5 40. Bxd5 Nxa5 41. Bg8 h6 42. Bh7 g5 43. Bxf5 Kd6 44. Bc8 Kc7 45. Be6 b5
46. Kd3 Nxb3 47. Bxb3 c4+ 48. Bxc4 bxc4+ 49. Kxc4 {...} 0-1

[Event "Accademia Cup"]
[Site "Roma ITA"]
[Date "1997.??.??"]
[Round "?"]
[White "Marino, Danilo"]
[Black "Tamburini, Massimiliano"]
[Result "1-0"]
[WhiteElo "1881"]
[BlackElo "1600"]
[PlyCount "55"]
[EventDate "1997.??.??"]

1. e4 d5 2. exd5 Nf6 3. Bb5+ Bd7 4. Bc4 c6 5. dxc6 Nxc6 6. d4 e6 7. c3 Be7 8.
Nf3 O-O 9. O-O Rc8 10. Bd3 Ne8 11. Bf4 f5 12. Ne5 Nxe5 13. Bxe5 Bf6 14. Nd2
Bxe5 15. dxe5 Bc6 16. Bc4 Bd5 17. Bxd5 Qxd5 18. Nf3 Nc7 19. Qb3 Qxb3 20. axb3
a6 21. Rfd1 Rfd8 22. c4 b5 23. Rd6 h6 24. Rad1 Rxd6 25. exd6 Rd8 26. Kf1 bxc4
27. dxc7 Rxd1+ 28. Ke2 1-0

[Event "Accademia Cup"]
[Site "Roma ITA"]
[Date "1997.??.??"]
[Round "?"]
[White "Marino, Danilo"]
[Black "Tosoni, Augusto"]
[Result "0-1"]
[WhiteElo "1881"]
[BlackElo "2056"]
[PlyCount "80"]
[EventDate "1997.??.??"]

1. e4 c5 2. b4 cxb4 3. c4 bxc3 4. Nxc3 g6 5. Bc4 Bg7 6. Qb3 e6 7. Bb2 Ne7 8.
Nf3 O-O 9. e5 Nbc6 10. Nb5 Na5 11. Qd3 Nxc4 12. Qxc4 d5 13. Qc7 Bd7 14. Qxd8
Rfxd8 15. Nd6 Bc6 16. Ba3 Bf8 17. Ng5 Rd7 18. Ngxf7 Nc8 19. Ng5 Nxd6 20. Bxd6
Bxd6 21. exd6 e5 22. O-O Rxd6 23. Nf3 Bb5 24. Rfc1 e4 25. Nd4 Bc4 26. a4 Rf8
27. f3 exf3 28. Nxf3 Re6 29. d4 Re2 30. Re1 Rf4 31. Rab1 b6 32. Rbc1 Rxe1+ 33.
Rxe1 Re4 34. Rxe4 dxe4 35. Ne5 Bb3 36. Nc6 Bxa4 37. Nxa7 Bd7 38. Kf2 b5 39. Ke3
b4 40. Kxe4 Bf5+ 0-1

[Event "Accademia Cup"]
[Site "Roma ITA"]
[Date "1997.??.??"]
[Round "?"]
[White "Marino, Giovanni"]
[Black "Matano, Arturo"]
[Result "1-0"]
[WhiteElo "1869"]
[BlackElo "1672"]
[PlyCount "97"]
[EventDate "1997.??.??"]

1. d4 g6 2. c4 Nf6 3. Nf3 d6 4. Nc3 Bg7 5. e4 O-O 6. Be2 e5 7. O-O Nc6 8. d5
Ne7 9. Ne1 Nd7 10. f3 f5 11. Be3 f4 12. Bf2 g5 13. b4 Nf6 14. c5 Ne8 15. cxd6
cxd6 16. a4 Ng6 17. Nb5 a6 18. Na3 b6 19. Nc4 Rb8 20. g4 Rf7 21. h3 Nf6 22. Kh2
h5 23. Rh1 hxg4 24. hxg4 Bf8 25. Kg1 Nd7 26. Bd3 Qe7 27. Kf1 Rh7 28. Rxh7 Qxh7
29. Ke2 Qh2 30. Nc2 Kg7 31. Qh1 Qxh1 32. Rxh1 Be7 33. N2a3 Nh4 34. Nd2 a5 35.
bxa5 bxa5 36. Bb5 Nc5 37. Nac4 Ba6 38. Bxa6 Nxa6 39. Rb1 Rxb1 40. Nxb1 Ng6 41.
Nxa5 Bd8 42. Nc6 Bc7 43. Kd3 Kf7 44. Kc4 Nh4 45. Nd2 Ng2 46. Kb5 Nb8 47. Nxb8
Bxb8 48. Kc6 Ne3 49. Kb7 1-0

[Event "Accademia Cup"]
[Site "Roma ITA"]
[Date "1997.??.??"]
[Round "?"]
[White "Marino, Giovanni"]
[Black "Narain, Ram Deva"]
[Result "1-0"]
[WhiteElo "1869"]
[BlackElo "1539"]
[PlyCount "75"]
[EventDate "1997.??.??"]

1. d4 g6 2. c4 Bg7 3. Nc3 d6 4. e4 Nd7 5. Nf3 e5 6. d5 Ngf6 7. Be2 O-O 8. O-O
Nc5 9. Nd2 a5 10. b3 Ne8 11. a3 f5 12. f3 Bh6 13. Rb1 Be3+ 14. Kh1 f4 15. Qc2
Nd7 16. Nd1 Bd4 17. b4 axb4 18. axb4 Ndf6 19. Nb3 Ba7 20. c5 Bd7 21. g4 fxg3
22. hxg3 Nh5 23. Kg2 Qe7 24. Ra1 Neg7 25. Rh1 Qf7 26. Nf2 Bb5 27. Nd3 c6 28.
dxc6 bxc6 29. g4 Nf6 30. cxd6 Bxd3 31. Qxd3 Nxg4 32. fxg4 Bb6 33. Rf1 Qd7 34.
Rxa8 Rxa8 35. Nc5 Bxc5 36. bxc5 Ne6 37. Be3 Kg7 38. Qc3 1-0

[Event "Accademia Cup"]
[Site "Roma ITA"]
[Date "1997.??.??"]
[Round "?"]
[White "Marino, Giovanni"]
[Black "Scacco, Mauro"]
[Result "0-1"]
[WhiteElo "1869"]
[BlackElo "2035"]
[PlyCount "146"]
[EventDate "1997.??.??"]

1. d4 Nf6 2. Nf3 g6 3. c4 Bg7 4. g3 O-O 5. Bg2 c5 6. d5 d6 7. O-O e6 8. Nc3
exd5 9. cxd5 Re8 10. Nd2 Na6 11. Nc4 Nc7 12. Bf4 Bf8 13. a4 b6 14. Qb3 Ba6 15.
Rfd1 Rb8 16. Bf3 Bxc4 17. Qxc4 a6 18. Bg5 h6 19. Bc1 Bg7 20. h4 b5 21. axb5
axb5 22. Qb3 b4 23. Nb1 Nb5 24. e3 Qd7 25. Nd2 Ng4 26. Nc4 Qf5 27. Kg2 g5 28.
hxg5 hxg5 29. Qd3 Qxd3 30. Rxd3 Ne5 31. Nxe5 Bxe5 32. Rb3 Ra8 33. Rb1 Ra4 34.
Be2 Nc7 35. e4 f6 36. f4 Bd4 37. Kf3 g4+ 38. Kxg4 Rxe4 39. Kf3 Re7 40. Bc4 Re1
41. Bd3 Kg7 42. Bd2 Rxb1 43. Bxb1 Nxd5 44. Ke4 Ne7 45. Bxb4 Bg1 46. Kd3 cxb4
47. Kc4 Bc5 48. Be4 Ra1 49. Kd3 d5 50. Bf3 Rg1 51. Ke2 Rxg3 52. Bxd5 Rxb3 53.
Bxb3 Nc6 54. Kd3 Bd6 55. f5 Kh6 56. Kc4 Na5+ 57. Kd5 Nxb3 58. Kxd6 Kg5 59. Kc6
Kxf5 60. Kb5 Ke4 61. Kxb4 Nd4 62. Kc5 Ke3 63. b4 f5 64. b5 Nxb5 65. Kxb5 f4 66.
Kc5 f3 67. Kd5 f2 68. Ke5 f1=Q 69. Kd5 Qf4 70. Kc5 Qe4 71. Kd6 Kd4 72. Kc7 Qe6
73. Kb7 Kc5 0-1

[Event "Accademia Cup"]
[Site "Roma ITA"]
[Date "1997.??.??"]
[Round "?"]
[White "Marino, Giovanni"]
[Black "Tersigni, Andrea"]
[Result "1-0"]
[WhiteElo "1869"]
[BlackElo "1723"]
[PlyCount "73"]
[EventDate "1997.??.??"]

1. d4 d5 2. c4 c6 3. Nc3 Nf6 4. Nf3 e6 5. e3 Bd6 6. Bd3 Nbd7 7. O-O O-O 8. e4
dxc4 9. Bxc4 e5 10. h3 exd4 11. Qxd4 Bc5 12. Qd3 Qe7 13. Bb3 Rd8 14. Rd1 Bb6
15. Qe2 Ne5 16. Rxd8+ Bxd8 17. Bf4 Bc7 18. Nxe5 Bxe5 19. Bxe5 Qxe5 20. Rd1 Be6
21. Bxe6 Qxe6 22. e5 Nd7 23. f4 f6 24. Qg4 Nf8 25. Qxe6+ Nxe6 26. f5 Rd8 27.
fxe6 Rxd1+ 28. Nxd1 fxe5 29. Ne3 Kf8 30. Nf5 g6 31. Nd6 Ke7 32. Nxb7 Kxe6 33.
Kf2 Kd5 34. Ke3 c5 35. Na5 c4 36. g3 Kc5 37. Ke4 1-0

[Event "Accademia Cup"]
[Site "Roma ITA"]
[Date "1997.??.??"]
[Round "?"]
[White "Marta, Daniele"]
[Black "Bernardi, Giancarlo"]
[Result "1-0"]
[WhiteElo "1807"]
[BlackElo "1537"]
[PlyCount "47"]
[EventDate "1997.??.??"]

1. d4 Nf6 2. c4 e5 3. Nf3 exd4 4. Nxd4 Bc5 5. Nb3 Bb4+ 6. Bd2 Nc6 7. Bxb4 Nxb4
8. Qd2 Qe7 9. Nc3 Nc6 10. O-O-O d6 11. e4 O-O 12. Nd5 Nxd5 13. exd5 Ne5 14. f4
Ng6 15. Bd3 Qf6 16. g3 Bf5 17. Bxf5 Qxf5 18. Nd4 Qd7 19. Rhf1 Rad8 20. f5 Ne5
21. f6 c6 22. Nf5 Ng6 23. fxg7 Rfe8 24. Nh6+ 1-0

[Event "Accademia Cup"]
[Site "Roma ITA"]
[Date "1997.??.??"]
[Round "?"]
[White "Marta, Daniele"]
[Black "Di Giulio, Michele"]
[Result "1/2-1/2"]
[WhiteElo "1807"]
[BlackElo "1615"]
[PlyCount "55"]
[EventDate "1997.??.??"]

1. e4 c6 2. d4 d5 3. Nc3 dxe4 4. Nxe4 Bf5 5. Ng3 Bg6 6. Nf3 Nd7 7. h4 h6 8. h5
Bh7 9. Bd3 Bxd3 10. Qxd3 Qc7 11. Bd2 e6 12. O-O-O O-O-O 13. Kb1 Ngf6 14. c4 Bd6
15. Ne2 e5 16. Nc3 Rhe8 17. dxe5 Nxe5 18. Nxe5 Bxe5 19. Qf3 Kb8 20. Rhe1 Ka8
21. Re2 Re6 22. Bc1 Rxd1 23. Nxd1 Ne8 24. Nc3 Qe7 25. Rd2 Rd6 26. Ne4 Rxd2 27.
Bxd2 Nd6 28. Qd3 1/2-1/2

[Event "Accademia Cup"]
[Site "Roma ITA"]
[Date "1997.??.??"]
[Round "?"]
[White "Marta, Daniele"]
[Black "Galeno, Giorgio"]
[Result "1-0"]
[WhiteElo "1807"]
[BlackElo "1725"]
[PlyCount "71"]
[EventDate "1997.??.??"]

1. d4 Nf6 2. c4 c5 3. Nf3 g6 4. Nc3 d6 5. d5 Bg7 6. e4 Nbd7 7. Bd3 O-O 8. O-O
Ng4 9. h3 Nge5 10. Nxe5 Nxe5 11. Be2 f5 12. f4 Nf7 13. Qb3 Bd4+ 14. Kh1 a6 15.
Bf3 Rb8 16. a4 Bd7 17. Re1 Bg7 18. exf5 Bxf5 19. Bd2 Re8 20. Re2 Qc8 21. Kh2
Bd7 22. Rae1 Kf8 23. a5 Nh6 24. Na4 b5 25. axb6 Bxa4 26. Qxa4 Rxb6 27. Bc3 Bxc3
28. bxc3 Nf5 29. Qc2 a5 30. Bg4 h5 31. Bf3 Nh4 32. Re6 Nxf3+ 33. gxf3 Qb7 34.
Qxg6 Rb2+ 35. Kh1 Rf2 36. Rg1 1-0

[Event "Accademia Cup"]
[Site "Roma ITA"]
[Date "1997.??.??"]
[Round "?"]
[White "Marta, Daniele"]
[Black "Russi, Roberto"]
[Result "0-1"]
[WhiteElo "1807"]
[BlackElo "1651"]
[PlyCount "76"]
[EventDate "1997.??.??"]

1. d4 g6 2. c4 d6 3. Nc3 e5 4. dxe5 dxe5 5. Qxd8+ Kxd8 6. Nf3 f6 7. e4 c6 8.
Be3 Kc7 9. a3 Be6 10. O-O-O Nd7 11. b4 a5 12. c5 axb4 13. axb4 Ra3 14. Kc2 Bh6
15. Rd3 Ra1 16. Kb2 Ra8 17. Be2 Bxe3 18. Rxe3 Nh6 19. h3 Nf7 20. Nd2 b5 21. Rc1
Nb8 22. Ncb1 Rd8 23. Nb3 Na6 24. Kc3 Bxb3 25. Kxb3 Rd4 26. Nc3 Rxb4+ 27. Kc2
Nxc5 28. Bxb5 Nd6 29. Bd3 Nb3 30. Rd1 Nd4+ 31. Kd2 Rb2+ 32. Ke1 c5 33. Kf1 c4
34. Be2 Kc6 35. Bf3 N6b5 36. Nd5 Raa2 37. Rc1 Kc5 38. Nxf6 38... Rxf2+ {...}
0-1

[Event "Accademia Cup"]
[Site "Roma ITA"]
[Date "1997.??.??"]
[Round "?"]
[White "Marzano, Carlo"]
[Black "De Carolis, Massimo"]
[Result "1/2-1/2"]
[WhiteElo "2175"]
[BlackElo "1666"]
[PlyCount "171"]
[EventDate "1997.??.??"]

1. d4 Nf6 2. Nf3 g6 3. c4 Bg7 4. Nc3 O-O 5. e4 d6 6. Be2 e5 7. d5 c5 8. Bg5 h6
9. Bh4 g5 10. Bg3 Ne8 11. Nd2 f5 12. exf5 Bxf5 13. Nde4 Nf6 14. Bd3 Qe7 15.
Nxf6+ Qxf6 16. Bxf5 Qxf5 17. Qe2 Nd7 18. Ne4 Qg6 19. O-O Rad8 20. f3 Nf6 21.
Rab1 Nh5 22. b4 cxb4 23. Rxb4 b6 24. a4 Nf4 25. Qc2 Rc8 26. Rb5 Rf7 27. a5 bxa5
28. Bxf4 exf4 29. Qd3 Rfc7 30. Rc1 Be5 31. Rxa5 g4 32. fxg4 Qxg4 33. Ra6 Rg7
34. Rc2 Rb8 35. Rf2 Rb6 36. Rxb6 axb6 37. Kf1 Ra7 38. Qf3 Ra1+ 39. Ke2 Ra2+ 40.
Kf1 Qxf3 41. gxf3 Ra1+ 42. Ke2 Kf7 43. Kd3 Ra3+ 44. Kc2 Ke7 45. Nd2 Rc3+ 46.
Kd1 Bd4 47. Rg2 Be3 48. Rg6 Rd3 49. Rg2 Bxd2 50. Rxd2 Rxf3 51. Re2+ Kd7 52. Re6
Rh3 53. Rf6 f3 54. Ke1 Kc7 55. Rf7+ Kd8 56. Kf2 Rxh2+ 57. Kxf3 Rc2 58. Rb7 Rxc4
59. Rxb6 Kc7 60. Rb1 Rd4 61. Rc1+ Kd7 62. Rh1 Rxd5 63. Rxh6 Kc6 64. Ke4 Rd1 65.
Rh8 d5+ 66. Ke5 Re1+ 67. Kd4 Re4+ 68. Kd3 Rg4 69. Rc8+ Kd7 70. Rh8 Ke6 71. Rh6+
Kf5 72. Rh5+ Ke6 73. Rh6+ Kd7 74. Ra6 Rc4 75. Ke3 Rc6 76. Rxc6 Kxc6 77. Kd4 Kd6
78. Kd3 Kd7 79. Kd2 Kc6 80. Kc3 Kc5 81. Kd3 d4 82. Kd2 Kc4 83. Kc2 d3+ 84. Kd2
Kd4 85. Kd1 Kc3 86. Kc1 1/2-1/2

[Event "Accademia Cup"]
[Site "Roma ITA"]
[Date "1997.??.??"]
[Round "?"]
[White "Marzano, Carlo"]
[Black "Franchi, Jose' Maria"]
[Result "1/2-1/2"]
[WhiteElo "2175"]
[BlackElo "1846"]
[PlyCount "66"]
[EventDate "1997.??.??"]

1. e4 c5 2. Nf3 e6 3. d3 Nc6 4. g3 Nge7 5. Bg2 d5 6. Nbd2 g6 7. O-O Bg7 8. Re1
b6 9. exd5 exd5 10. d4 O-O 11. Nb3 c4 12. Nbd2 b5 13. Nf1 Nf5 14. c3 b4 15. Bf4
h6 16. h4 bxc3 17. bxc3 Qa5 18. Qd2 Kh7 19. N1h2 Nfe7 20. Bd6 Qd8 21. Qf4 Be6
22. Ng4 Bxg4 23. Bxe7 Nxe7 24. Qxg4 Rb8 25. Re2 Nf5 26. Ne5 Qd6 27. Qf3 Rbd8
28. Bh3 Qf6 29. Bxf5 gxf5 30. Rb1 Rb8 31. Reb2 Rxb2 32. Rxb2 Qe6 33. Re2 Re8
1/2-1/2

[Event "Accademia Cup"]
[Site "Roma ITA"]
[Date "1997.??.??"]
[Round "?"]
[White "Marzano, Carlo"]
[Black "Marta, Daniele"]
[Result "1-0"]
[WhiteElo "2175"]
[BlackElo "1807"]
[PlyCount "35"]
[EventDate "1997.??.??"]

1. e4 g6 2. d4 Bg7 3. Nc3 d6 4. Be3 Nc6 5. Nf3 e5 6. dxe5 Nxe5 7. Nxe5 Bxe5 8.
Bc4 Ne7 9. Qd2 Nc6 10. O-O-O Be6 11. Nd5 Bg7 12. Bg5 f6 13. Bh6 Bxh6 14. Qxh6
Bxd5 15. exd5 Ne5 16. Qg7 Nxc4 17. Qxh8+ Kd7 18. Qxh7+ 1-0

[Event "Accademia Cup"]
[Site "Roma ITA"]
[Date "1997.??.??"]
[Round "?"]
[White "Marzano, Carlo"]
[Black "Tosoni, Augusto"]
[Result "1/2-1/2"]
[WhiteElo "2175"]
[BlackElo "2056"]
[PlyCount "57"]
[EventDate "1997.??.??"]

1. e4 e5 2. Nf3 Nc6 3. Bc4 Nf6 4. d4 exd4 5. e5 d5 6. Bb5 Ne4 7. Nxd4 Bd7 8.
Bxc6 bxc6 9. O-O Be7 10. f3 Nc5 11. f4 Ne4 12. Nc3 c5 13. Nxe4 cxd4 14. Ng3 h5
15. f5 Bb5 16. Re1 Bh4 17. Qxd4 Bxg3 18. hxg3 h4 19. Bf4 hxg3 20. Bxg3 Qg5 21.
Qxd5 c6 22. Qf3 O-O 23. Rad1 Rad8 24. b3 c5 25. c4 Bd7 26. Rf1 Bc8 27. Rxd8
Rxd8 28. f6 Bb7 29. Bf4 1/2-1/2

[Event "Accademia Cup"]
[Site "Roma ITA"]
[Date "1997.??.??"]
[Round "?"]
[White "Matano, Arturo"]
[Black "Cellucci, Alessandro"]
[Result "1/2-1/2"]
[WhiteElo "1672"]
[BlackElo "1906"]
[PlyCount "94"]
[EventDate "1997.??.??"]

1. e4 e5 2. Nf3 f5 3. Nxe5 Nc6 4. d4 Qh4 5. Nf3 Qxe4+ 6. Be2 Nf6 7. O-O Ne7 8.
Nc3 Qc6 9. Ne5 Qb6 10. Bb5 c6 11. Bc4 d5 12. Bb3 Be6 13. Na4 Qd8 14. Nc5 Qc8
15. Re1 Bg8 16. Bg5 b6 17. Ncd3 Kd8 18. a4 h6 19. Bxf6 gxf6 20. Nf3 Rh7 21. Nf4
Qc7 22. Ne6+ Bxe6 23. Rxe6 Ng8 24. c4 Qd7 25. cxd5 cxd5 26. Qe2 Re7 27. Re1 Rc8
28. Kf1 Rc6 29. Rxe7 Nxe7 30. Bc2 Qc8 31. Bd3 Rc1 32. Rxc1 Qxc1+ 33. Ne1 Qc6
34. Bb5 Qd6 35. Nf3 Kc7 36. Qc2+ Kb8 37. Kg1 Qc7 38. Qxc7+ Kxc7 39. g3 Nc8 40.
Nh4 f4 41. gxf4 Bd6 42. Ng6 Bb4 43. Kf1 Bd2 44. Ke2 Bc1 45. b3 Kd6 46. Kd3 Bb2
47. f5 Ne7 1/2-1/2

[Event "Accademia Cup"]
[Site "Roma ITA"]
[Date "1997.??.??"]
[Round "?"]
[White "Matano, Arturo"]
[Black "Iatrino, Vincenzo"]
[Result "1-0"]
[WhiteElo "1672"]
[BlackElo "1971"]
[PlyCount "85"]
[EventDate "1997.??.??"]

1. e4 e5 2. Nf3 Nc6 3. Bb5 a6 4. Ba4 Nf6 5. O-O b5 6. Bb3 Bc5 7. c3 d6 8. d4
exd4 9. cxd4 Bb6 10. Re1 O-O 11. h3 h6 12. a3 Bb7 13. Nc3 Re8 14. Bc2 b4 15.
axb4 Nxb4 16. Bb1 a5 17. Bf4 Qd7 18. Bg3 Nh5 19. Bh2 g6 20. Qd2 Kh7 21. g4 Ng7
22. Bf4 h5 23. gxh5 Nxh5 24. Ng5+ Kg7 25. Bh2 f6 26. Nf3 Qxh3 27. Re3 Ba6 28.
Ne2 Qg4+ 29. Kf1 Rh8 30. Ke1 Qg2 31. Qc3 c5 32. e5 fxe5 33. dxe5 Nd5 34. Qb3
Nxe3 35. Qxe3 Bxe2 36. Kxe2 Qg4 37. Bxg6 Qb4 38. Rg1 Qxb2+ 39. Bc2+ Kf8 40. Qd3
Ke7 41. Qxd6+ Ke8 42. Qc6+ Ke7 43. Qb7+ 1-0

[Event "Accademia Cup"]
[Site "Roma ITA"]
[Date "1997.??.??"]
[Round "?"]
[White "Matano, Arturo"]
[Black "Lantini, Marco"]
[Result "0-1"]
[WhiteElo "1672"]
[BlackElo "2190"]
[PlyCount "83"]
[EventDate "1997.??.??"]

1. e4 e5 2. Nf3 Nf6 3. d4 Nxe4 4. Bd3 d5 5. dxe5 Nc5 6. O-O Be7 7. h3 O-O 8.
Re1 Nxd3 9. Qxd3 c5 10. c3 Nc6 11. Bf4 Be6 12. Nbd2 Qd7 13. Nf1 Rfd8 14. Ng3 h6
15. Rad1 Bf8 16. Nh5 Bf5 17. Qd2 Bg6 18. Ng3 Be7 19. Qc1 Qe6 20. Rd2 d4 21. Nh2
Qxa2 22. e6 fxe6 23. Rde2 e5 24. Bxe5 d3 25. Bxg7 Bg5 26. f4 dxe2 27. fxg5 Kxg7
28. gxh6+ Kh7 29. Rxe2 Qb1 30. Qxb1 Bxb1 31. Ng4 Bg6 32. Re6 Rf8 33. Kh2 Rad8
34. h4 Bf7 35. Nf6+ Kh8 36. Re3 Rd6 37. Nge4 Re6 38. Rg3 Be8 39. h7 Rexf6 40.
Rg8+ Rxg8 41. hxg8=Q+ Kxg8 42. Nxf6+ 0-1

[Event "Accademia Cup"]
[Site "Roma ITA"]
[Date "1997.??.??"]
[Round "?"]
[White "Matano, Arturo"]
[Black "Luzi, Alessandro"]
[Result "1-0"]
[WhiteElo "1672"]
[BlackElo "1567"]
[PlyCount "89"]
[EventDate "1997.??.??"]

1. e4 e5 2. Nf3 Nc6 3. Bb5 a6 4. Ba4 Nf6 5. O-O Be7 6. Re1 b5 7. Bb3 O-O 8. d4
d6 9. c3 Bg4 10. d5 Na5 11. Bc2 Qd7 12. a4 Rfb8 13. h3 Bh5 14. Nbd2 c6 15. b4
Nb7 16. Nf1 cxd5 17. exd5 a5 18. axb5 axb4 19. Rxa8 Rxa8 20. c4 Ra1 21. N1d2
Qc8 22. Nb3 Ra8 23. Bd3 Na5 24. Nxa5 Rxa5 25. Bd2 Bxf3 26. Qxf3 Qc5 27. Rb1 Ra4
28. Qd1 Ra2 29. Be3 Qc8 30. Rxb4 Bd8 31. Ra4 Rxa4 32. Qxa4 Nd7 33. Bf5 Nc5 34.
Qc2 Qc7 35. Bxh7+ Kf8 36. Bf5 Nb7 37. Bg4 Na5 38. Be2 Qb7 39. Qh7 Bf6 40. g4 g6
41. Bh6+ Ke8 42. Qg8+ Kd7 43. Qxf7+ Be7 44. Bg5 Kd8 45. Qf8+ 1-0

[Event "Accademia Cup"]
[Site "Roma ITA"]
[Date "1997.??.??"]
[Round "?"]
[White "Mazziotto, Nicola"]
[Black "Fantazzini, Massimiliano"]
[Result "1/2-1/2"]
[WhiteElo "1522"]
[BlackElo "1753"]
[PlyCount "106"]
[EventDate "1997.??.??"]

1. e4 e6 2. d4 d5 3. Nc3 Bb4 4. a3 Bxc3+ 5. bxc3 dxe4 6. Qg4 Nf6 7. Qxg7 Rg8 8.
Qh6 Rg6 9. Qe3 Nbd7 10. Ne2 b6 11. Ng3 Bb7 12. h3 Qe7 13. a4 c5 14. Bd2 h5 15.
Ne2 e5 16. dxe5 Nd5 17. Qxe4 Nxe5 18. Qf5 Nc4 19. Qxh5 Rd8 20. Rd1 Qf6 21. Bc1
Nxc3 22. Rxd8+ Kxd8 23. h4 Kd7 24. Rh3 Nxe2 25. Qxe2 Qa1 26. Rd3+ Nd6 27. Qd1
Qxa4 28. g3 Qe4+ 29. Be3 Qh1 30. Bf4 Re6+ 31. Kd2 Ba6 32. Rxd6+ Rxd6+ 33. Bxd6
Qd5+ 34. Ke1 Qxd1+ 35. Kxd1 Bxf1 36. Bf4 Ke6 37. Bb8 a5 38. Ba7 a4 39. Bxb6 Kd5
40. Kc1 Be2 41. Kb2 Kc4 42. Ba5 Kb5 43. Bd2 Bd1 44. Kc3 Be2 45. Bc1 Kc6 46. Kd2
Bh5 47. Ke3 Kd5 48. f3 Kc4 49. g4 Bg6 50. h5 Bh7 51. Kd2 Kb4 52. Bb2 a3 53. Ba1
c4 1/2-1/2